| 000 | 00603nam a2200193 i 4500 | ||
|---|---|---|---|
| 001 | 124184 | ||
| 003 | ES-MaACL | ||
| 005 | 20241210140223.0 | ||
| 007 | t| | ||
| 008 | 070214s1962 sp f |||| | spa d | ||
| 100 | 1 |
_aRamos, Vicente, _d1919-2011 _9170547 |
|
| 245 | 1 | 0 |
_aViaje a Estocolmo / _cVicente Ramos ; prólogo de José Mª Pemán. |
| 260 |
_aAlicante : _bManuel Asín, _c1962. |
||
| 300 |
_a156 p., 2 lám. ; _c22 cm. |
||
| 651 | 4 |
_aEstocolmo- _xDescripción. _9145967 |
|
| 700 | 1 |
_aPemán, José María, _d1897-1981 _990130 |
|
| 852 |
_aES-MaACL _jC-21994 |
||
| 999 |
_c124184 _d124184 |
||